[Event "Andalucia-chT Honor Occidental"]
[Site "Andalucia"]
[Date "2018.11.18"]
[Round "7.10"]
[White "Gomez Calle, Jose Antonio"]
[Black "Blanco Perez, David"]
[Result "1/2-1/2"]
[WhiteElo "2053"]
[BlackElo "2082"]
[PlyCount "75"]
[EventDate "2018.09.30"]
[EventType "team-tourn"]
[EventRounds "7"]
[EventCountry "ESP"]
[SourceTitle "EXT 2020"]
[Source "ChessBase"]
[SourceDate "2019.10.17"]
[SourceVersion "1"]
[SourceVersionDate "2019.10.17"]
[SourceQuality "1"]
[WhiteTeam "Shahmat"]
[BlackTeam "Vistazul Tiempo y Mente"]
[WhiteTeamCountry "ESP"]
[BlackTeamCountry "ESP"]

1. e4 Nc6 2. Nf3 d5 3. exd5 Qxd5 4. Nc3 Qa5 5. Be2 Bg4 6. a3 e6 7. h3 Bh5 8. Rb1 Bxf3 9. Bxf3 Qe5+ 10. Qe2 Qxe2+ 11. Nxe2 Nge7 12. b4 0-0-0 13. Bb2 e5 14. d3 a6 15. 0-0 f6 16. Rfd1 h5 17. d4 exd4 18. Bxd4 Nf5 19. Bc3 Bd6 20. Bxc6 bxc6 21. Nd4 Nxd4 22. Bxd4 Rhe8 23. Kf1 Re4 24. c3 Be5 25. f3 Rf4 26. Bxe5 fxe5 27. Rxd8+ Kxd8 28. Re1 Rf5 29. Re4 Kd7 30. Ke2 Kd6 31. Rc4 Rf8 32. Ke3 g5 33. g3 Rb8 34. h4 gxh4 35. Rxh4 Rg8 36. Kf2 Rg5 37. Rc4 Rg8 38. Rh4 1/2-1/2

[Event "Gibraltar Challengers-B 13th"]
[Site "Caleta"]
[Date "2015.02.02"]
[Round "3"]
[White "Gomez Calle, Jose Antonio"]
[Black "Odeh, Kenneth"]
[Result "1-0"]
[WhiteElo "2150"]
[BlackElo "1982"]
[PlyCount "63"]
[EventDate "2015.01.31"]
[EventType "swiss"]
[EventRounds "5"]
[EventCountry "GGB"]
[SourceTitle "CBM 164 Extra"]
[Source "ChessBase"]
[SourceDate "2015.03.02"]
[SourceVersion "1"]
[SourceVersionDate "2015.03.02"]
[SourceQuality "1"]

1. e4 c6 2. d4 d5 3. exd5 cxd5 4. Bd3 Nc6 5. c3 Qc7 6. h3 Nf6 7. Nf3 e6 8. 0-0 Be7 9. Re1 0-0 10. Nbd2 a6 11. Ne5 Bd6 12. Ndf3 h6 13. Qe2 b5 14. Nxc6 Qxc6 15. Ne5 Qc7 16. Qf3 Nd7 17. Qh5 Bxe5 18. dxe5 f5 19. Bxh6 Nc5 20. Re3 Rf7 21. Bf4 Bb7 22. Rd1 Nxd3 23. Rexd3 Qc4 24. Rd4 Qxa2 25. Bc1 f4 26. Qg6 Rd8 27. Rf1 Bc8 28. Bxf4 Rf5 29. Bg5 Rdf8 30. Bf6 R8xf6 31. exf6 Rxf6 32. Qh5 1-0

[Event "Gibraltar Challengers-B 13th"]
[Site "Caleta"]
[Date "2015.02.01"]
[Round "2"]
[White "Guerra Rivera, Salvador"]
[Black "Gomez Calle, Jose Antonio"]
[Result "1-0"]
[WhiteElo "1983"]
[BlackElo "2150"]
[PlyCount "65"]
[EventDate "2015.01.31"]
[EventType "swiss"]
[EventRounds "5"]
[EventCountry "GGB"]
[SourceTitle "CBM 164 Extra"]
[Source "ChessBase"]
[SourceDate "2015.03.02"]
[SourceVersion "1"]
[SourceVersionDate "2015.03.02"]
[SourceQuality "1"]

1. e4 c5 2. Nf3 e6 3. d4 cxd4 4. Nxd4 a6 5. c4 Nf6 6. Nc3 Qc7 7. a3 d6 8. Be3 Be7 9. Be2 b6 10. 0-0 Bb7 11. f3 0-0 12. Rc1 Nbd7 13. b4 Rac8 14. Qd2 Qb8 15. Rc2 Bd8 16. Kh1 Bc7 17. Bg1 Rfd8 18. Rb1 Nf8 19. Na4 Ng6 20. b5 a5 21. Nc6 Bxc6 22. bxc6 d5 23. exd5 exd5 24. Nxb6 dxc4 25. Qe1 Re8 26. Nxc8 Qxc8 27. Qc3 Qf5 28. Bxc4 Nf4 29. Rb7 N6d5 30. Qb3 h6 31. Rd2 Re1 32. Rd1 Rxd1 33. Qxd1 1-0

[Event "ESP-ch op"]
[Site "Seville"]
[Date "2004.08.20"]
[Round "8"]
[White "Gomez Calle, Jose Antonio"]
[Black "Roa Alonso, Santiago"]
[Result "1/2-1/2"]
[WhiteElo "2166"]
[BlackElo "2357"]
[PlyCount "47"]
[EventDate "2004.08.13"]
[EventType "swiss"]
[EventRounds "9"]
[EventCountry "ESP"]
[SourceTitle "CBM 101 Extra"]
[Source "ChessBase"]
[SourceDate "2004.09.01"]
[SourceVersion "2"]
[SourceVersionDate "2004.09.01"]
[SourceQuality "1"]

1. e4 d6 2. d4 Nf6 3. Nc3 g6 4. f4 Bg7 5. Nf3 0-0 6. Bd3 Nc6 7. 0-0 Bg4 8. Be3 e5 9. dxe5 dxe5 10. h3 exf4 11. Bxf4 Nh5 12. Bh2 Bxf3 13. Qxf3 Nd4 14. Qd1 c6 15. Kh1 Qe7 16. e5 Rae8 17. Bxg6 hxg6 18. Qxd4 Bxe5 19. Qxe5 Qxe5 20. Bxe5 Rxe5 21. Rfe1 Rfe8 22. Rxe5 Rxe5 23. Rd1 a5 24. Rd2 1/2-1/2

[Event "Cadiz op 17th"]
[Site "San Fernando"]
[Date "2003.07.22"]
[Round "7.10"]
[White "Rey Garcia, Tomas"]
[Black "Gomez Calle, Jose Antonio"]
[Result "1-0"]
[WhiteElo "1919"]
[BlackElo "2152"]
[PlyCount "145"]
[EventDate "2003.07.18"]
[EventType "swiss"]
[EventRounds "8"]
[EventCountry "ESP"]
[SourceTitle "CBM 095 Extra"]
[Source "ChessBase"]
[SourceDate "2003.09.04"]
[SourceVersion "1"]
[SourceVersionDate "2003.09.04"]
[SourceQuality "1"]

1. e4 c5 2. Nc3 a6 3. g3 b5 4. Bg2 Bb7 5. d3 e6 6. Nge2 Qc7 7. 0-0 b4 8. Nb1 d5 9. exd5 Bxd5 10. Bxd5 exd5 11. Nf4 Nf6 12. Qf3 Qd7 13. Re1+ Be7 14. c4 0-0 15. cxd5 Bd6 16. Ng2 Qc7 17. Nd2 Nbd7 18. Nc4 Nb6 19. Bf4 Bxf4 20. Nxf4 Rad8 21. Ne3 Qd7 22. Rac1 Nbxd5 23. Nfxd5 Nxd5 24. Rxc5 Nxe3 25. Rxe3 Qa4 26. Rc4 a5 27. a3 Qb3 28. axb4 axb4 29. Qe2 h6 30. Qc2 Qxc2 31. Rxc2 Rd6 32. Rc4 Rb8 33. b3 Rbd8 34. Rxb4 Rxd3 35. Rxd3 Rxd3 36. Rb8+ Kh7 37. b4 Rb3 38. b5 f5 39. b6 Kg6 40. b7 Kg5 41. Kg2 Kg6 42. h3 Kh7 43. Kf1 Rb2 44. Ke1 g6 45. Kd1 Kg7 46. Kc1 Rb5 47. Kc2 Rb6 48. Kd3 Rb1 49. h4 h5 50. Ke3 Rb3+ 51. Kd4 Rb1 52. f3 Rb5 53. Kc4 Rb1 54. Kc5 Rb2 55. Kc6 Rc2+ 56. Kd6 Rb2 57. Kd5 Rb1 58. Kd6 Rb2 59. Re8 Rxb7 60. Re7+ Rxe7 61. Kxe7 Kg8 62. Kf6 Kh7 63. Kf7 Kh6 64. Ke6 Kg7 65. Ke7 Kh8 66. Kf7 Kh7 67. f4 Kh6 68. Kg8 g5 69. hxg5+ Kg6 70. Kf8 h4 71. gxh4 Kh5 72. Kf7 Kxh4 73. Ke6 1-0

[Event "Cadiz op 17th"]
[Site "San Fernando"]
[Date "2003.07.20"]
[Round "5.4"]
[White "Martin Perez, Javier"]
[Black "Gomez Calle, Jose Antonio"]
[Result "1-0"]
[WhiteElo "2251"]
[BlackElo "2152"]
[PlyCount "54"]
[EventDate "2003.07.18"]
[EventType "swiss"]
[EventRounds "8"]
[EventCountry "ESP"]
[SourceTitle "CBM 095 Extra"]
[Source "ChessBase"]
[SourceDate "2003.09.04"]
[SourceVersion "1"]
[SourceVersionDate "2003.09.04"]
[SourceQuality "1"]

1. e4 c5 2. Nf3 e6 3. d4 cxd4 4. Nxd4 a6 5. Nc3 Qc7 6. Be2 b5 7. 0-0 Bb7 8. a3 Nf6 9. Qd3 d6 10. f4 Nbd7 11. Nb3 Be7 12. Kh1 0-0 13. Bf3 Rac8 14. Be3 Rfd8 15. Rf2 Nb6 16. Nd2 d5 17. e5 Nfd7 18. Bd4 Nc4 19. Nxc4 dxc4 20. Qe3 Bxf3 21. Qxf3 Bc5 22. Rd1 Bxd4 23. Rxd4 Nc5 24. Rfd2 Rxd4 25. Rxd4 Rd8 26. Qc6 Qb8 27. Qxc5 h6 1-0

[Event "Andalucia-ch"]
[Site "Granada"]
[Date "1991.??.??"]
[Round "3"]
[White "Gomez Calle, Jose Antonio"]
[Black "Canabate Carmona, Francisco"]
[Result "1-0"]
[WhiteElo "2120"]
[BlackElo "2115"]
[PlyCount "107"]
[EventDate "1991.??.??"]
[EventType "swiss"]
[EventRounds "7"]
[EventCountry "ESP"]
[SourceTitle "EXT 2000"]
[Source "ChessBase"]
[SourceDate "1999.11.16"]
[SourceVersion "1"]
[SourceVersionDate "1999.11.16"]
[SourceQuality "1"]

1. e4 c5 2. Nf3 Nf6 3. e5 Nd5 4. d4 cxd4 5. Nxd4 Nc6 6. Nxc6 bxc6 7. Bd3 g6 8. 0-0 Bg7 9. Qe2 0-0 10. c3 d6 11. exd6 exd6 12. Qf3 Qh4 13. Qg3 Qxg3 14. hxg3 Be6 15. a4 f5 16. Re1 Rae8 17. Bd2 f4 18. gxf4 Nxf4 19. Bf1 Nd5 20. a5 Nf6 21. Na3 Ng4 22. f3 Ne5 23. Be3 Rf7 24. Nc2 Bc4 25. Bd4 Bxf1 26. Kxf1 Rb8 27. b4 a6 28. Rad1 Re8 29. Na3 Rfe7 30. Nc2 Bf6 31. f4 Ng4 32. Bxf6 Rxe1+ 33. Rxe1 Rxe1+ 34. Kxe1 Nxf6 35. Nd4 c5 36. bxc5 dxc5 37. Ne6 Ne4 38. Nc7 Nd6 39. Nxa6 Nb7 40. Ke2 Kf8 41. Nc7 Nxa5 42. Ne6+ Ke7 43. Nxc5 Nc4 44. Kd3 Nd6 45. Ne4 Nf5 46. c4 h5 47. Nf2 Ng7 48. Ke4 Ke6 49. Nd1 Nf5 50. Ne3 Ng3+ 51. Kf3 h4 52. Kg4 Ne2 53. Nd5 Nd4 54. Kxh4 1-0

[Event "Andalucia-ch"]
[Site "Granada"]
[Date "1991.??.??"]
[Round "2"]
[White "Ruiz Gutierrez, Manuel"]
[Black "Gomez Calle, Jose Antonio"]
[Result "1-0"]
[WhiteElo "2120"]
[BlackElo "2235"]
[PlyCount "100"]
[EventDate "1991.??.??"]
[EventType "swiss"]
[EventRounds "7"]
[EventCountry "ESP"]
[SourceTitle "EXT 2000"]
[Source "ChessBase"]
[SourceDate "1999.11.16"]
[SourceVersion "1"]
[SourceVersionDate "1999.11.16"]
[SourceQuality "1"]

1. e4 c6 2. d4 d5 3. exd5 cxd5 4. Bd3 Nf6 5. c3 e6 6. Bf4 Bd6 7. Bxd6 Qxd6 8. Nf3 Nbd7 9. 0-0 0-0 10. Nbd2 e5 11. dxe5 Nxe5 12. Nxe5 Qxe5 13. Nf3 Qd6 14. h3 Re8 15. Qa4 Bd7 16. Qd4 b6 17. Rfe1 Rxe1+ 18. Rxe1 Re8 19. Rxe8+ Bxe8 20. a3 Qe7 21. Qh4 g6 22. Qd4 Qe6 23. Ne5 h5 24. b4 Nd7 25. Nf3 Nf6 26. Qf4 Kg7 27. Qc7 Qd7 28. Qxd7 Bxd7 29. Ne5 Be8 30. f4 Ng8 31. Kf2 Kf6 32. Ke3 Ke6 33. Kd4 Ne7 34. g4 hxg4 35. hxg4 Nc6+ 36. Nxc6 Bxc6 37. Bc2 Kd6 38. Bb3 f6 39. g5 fxg5 40. fxg5 Ke6 41. Bc2 Be8 42. a4 Kd6 43. a5 Bf7 44. Bd3 Be8 45. Be2 Bf7 46. axb6 axb6 47. Bb5 Ke6 48. c4 Kf5 49. cxd5 Kxg5 50. Ke5 Bg8 1-0